Crítica de la razón pura : Dialéctica trascendental y metodología trascendental

Shranjeno v:
Bibliografske podrobnosti
Glavni avtor: Kant, Manuel
Format: Knjiga
Jezik:Spanish
Izdano: Buenos Aires, Argentina Editorial Losada 1960
Izdaja:6
Teme:
Oznake: Označite
Brez oznak, prvi označite!

MARC

LEADER 00000nam a2200000Ia 4500
008 170316s9999 xx 000 0 spa d
999 |c 16659  |d 16659 
040 |a cru BVZT 
090 |a 100 K-1crd 
100 |a Kant, Manuel 
245 |a Crítica de la razón pura : Dialéctica trascendental y metodología trascendental  |c Rovira Armengol 
250 |a 6 
260 |a Buenos Aires, Argentina 
260 |b Editorial Losada 
260 |c 1960 
300 |a 416 páginas 
650 |a FILOSOFÍA  |9 5 
942 |c 4 D  |h 100 K-1crd  |2 z